| 000 | 005550000a22001810004500 | ||
|---|---|---|---|
| 090 |
_aAR _b02861 |
||
| 245 | 1 | 0 | _aConservation gap analysis of Brazil's Amazonian vegetation |
| 650 | 1 | 4 |
_aAreas protegidas _978 |
| 650 | 1 | 4 |
_aMapas de vegetación _996313 |
| 650 | 1 | 4 |
_aDeforestación _9266 |
| 650 | 1 | 4 |
_aConservación de especies vegetales _996323 |
| 651 | 4 |
_pBrasil _992749 |
|
| 041 | 0 | _aInglés | |
| 700 | 1 |
_aFerraz, Joao _996324 |
|
| 100 | 1 |
_aFearnside, Philip M. _994346 |
|
| 942 | _cARTICULO | ||
| 773 | 1 |
_tConservation Biology _324 _h5 _q1134-1147 _d1995 _g9 |
|
| 999 |
_c11921 _d11921 |
||